Logo Biblioteca

Matemática— ¿estás ahí? : (Registro nro. 492)

Detalles MARC
000 -LEADER
fixed length control field 01992nam a22002657a 4500
003 - CONTROL NUMBER IDENTIFIER
control field OSt
005 - DATE AND TIME OF LATEST TRANSACTION
control field 20250918105250.0
008 - FIXED-LENGTH DATA ELEMENTS--GENERAL INFORMATION
fixed length control field 250515t2007 ag |||||r|||| 00| 0 spa d
020 ## - INTERNATIONAL STANDARD BOOK NUMBER
International Standard Book Number 978-987-1220-19-9
040 ## - CATALOGING SOURCE
Transcribing agency besoc
080 ## - UNIVERSAL DECIMAL CLASSIFICATION NUMBER
Authority record control number or standard number 51
100 1# - MAIN ENTRY--PERSONAL NAME
Personal name Paenza, Adrián,
Relator term autor
Dates associated with a name 1949-
245 10 - TITLE STATEMENT
Title Matemática— ¿estás ahí? :
Remainder of title sobre números, personajes, problemas y curiosidades /
Statement of responsibility, etc. por Adrián Paenza.
246 33 - VARYING FORM OF TITLE
Title proper/short title Matemática... ¿estás ahí?
250 ## - EDITION STATEMENT
Edition statement 1a ed., 13 reimp.
260 ## - PUBLICATION, DISTRIBUTION, ETC.
Place of publication, distribution, etc. Buenos Aires :
Name of publisher, distributor, etc. Siglo XXI Editores Argentina,
Date of publication, distribution, etc. 2007.
300 ## - PHYSICAL DESCRIPTION
Extent 240 p. ;
Dimensions 19 cm.
490 0# - SERIES STATEMENT
Series statement Colección Ciencia que Ladra...Serie Mayor / dirigida por Diego Golombek.
505 1# - FORMATTED CONTENTS NOTE
Formatted contents note Incluye: La mano de la princesa ; Números ; Personajes ; Probabilidades y estimaciones ; Problemas ; Reflexiones y curiosidades ; Soluciones y Apéndice.
520 1# - SUMMARY, ETC.
Summary, etc. El primer libro de Adrián Paenza representa la continuación de su tarea de divulgación científica que el periodista y matemático ha desarrollado en los últimos años. Aquí, con sencillez y humor, el autor narra una serie de historias sobre números y acertijos que el lector podrá descubrir en su vida cotidiana y que reflejan el universo entero. En Matemática... ¿estas ahí? el periodista y matemático se transforma en un excelente guía para comprender de una vez y para siempre qué es un año luz, cómo son los átomos en el universo, cuáles son las paradojas de Bertrand Russell, qué dijo Pitágoras de importante en la historia de la matemática y cuál es la mejor forma de tomar un examen. En este maravilloso y mágico mundo, el lector se encontrará con números increíbles, diversos tipos de infinitos y familias de primos; se asomará al abismo de la división por cero y aprenderá secretos sobre las apuestas y las probabilidades.
650 #4 - SUBJECT ADDED ENTRY--TOPICAL TERM
Topical term or geographic name entry element Matemáticas
650 #4 - SUBJECT ADDED ENTRY--TOPICAL TERM
Topical term or geographic name entry element Métodos de enseñanza
700 1# - ADDED ENTRY--PERSONAL NAME
Personal name Golombek, Diego,
Dates associated with a name 1964-
Relator term director de colección
-- prologuista
942 ## - ADDED ENTRY ELEMENTS (KOHA)
Source of classification or shelving scheme Universal Decimal Classification
Koha item type Obra General
Suppress in OPAC No
Existencias
Withdrawn status Lost status Source of classification or shelving scheme Damaged status Not for loan Collection Home library Current library Date acquired Source of acquisition Total checkouts Full call number Barcode Date last seen Price effective from Koha item type
    Universal Decimal Classification     Colección General Biblioteca Escuela de Ciencias Sociales Biblioteca Escuela de Ciencias Sociales 15/05/2025 Donación 2025   51 P126 001426 15/05/2025 15/05/2025 Obra General
Biblioteca de la Escuela Preuniversitaria en Ciencias Sociales y Humanísticas.
Riobamba 250 bis.
CP 2000 - Rosario - Santa Fe
E-Mail: biblioteca@esociales.unr.edu.ar